00278nam a2200121Ia 45000030006000000080041000060400015000471000010000622450040000722600015001125460012001270050017001390STCL150530s9999 xx 000 0 und d aSTCLcSTCL aEvans aShort history of english literature bELBSc1963 aEnglish20220125170826.0